Khagaz Ka Ghora (Record no. 325393)

000 -LEADER
fixed length control field 00312 a2200133 4500
001 - CONTROL NUMBER
control field 90320
003 - CONTROL NUMBER IDENTIFIER
control field NUST
082 ## - DEWEY DECIMAL CLASSIFICATION NUMBER
Classification number 891.4394 UXI
100 ## - MAIN ENTRY--PERSONAL NAME
Personal name Uxi Mufti
9 (RLIN) 623
245 ## - TITLE STATEMENT
Title Khagaz Ka Ghora
Medium Urdu
260 ## - PUBLICATION, DISTRIBUTION, ETC.
Place of publication, distribution, etc. Lahore
Name of publisher, distributor, etc. Al- Faisal Nashran
Date of publication, distribution, etc. 2013
300 ## - PHYSICAL DESCRIPTION
Extent 199p.
500 ## - GENERAL NOTE
General note General Books
942 ## - ADDED ENTRY ELEMENTS (KOHA)
Institution code [OBSOLETE] CAE NUST
Koha item type Book
Call number prefix 891.4394 UXI
Source of classification or shelving scheme
Holdings
Withdrawn status Lost status Damaged status Not for loan Collection code Permanent Location Current Location Date acquired Total Checkouts Full call number Barcode Date last seen Price effective from Koha item type
          College of Aeronautical Engineering (CAE) College of Aeronautical Engineering (CAE) 04/03/2017   891.4394 UXI CAE86151 04/05/2017 04/05/2017 Book
© 2023 Central Library, National University of Sciences and Technology. All Rights Reserved.